Analýza bankového sektora so zameraním na vklady a úvery diplomová práca

Enregistré dans:
Détails bibliographiques
Auteur principal: Csatári, Erik
Collectivité auteur: Národohospodárska fakulta EU. Katedra bankovníctva a medzinárodných financií
Autres auteurs: Šturc, Boris, 1961-
Format: Livre
Langue:slovaque
Publié: Bratislava 2017
Tags: Ajouter un tag
Pas de tags, Soyez le premier à ajouter un tag!

MARC

LEADER 00000nbm a2200000 4500
001 0231745
005 20180112115634.3
041 0 |a slo 
044 |a SK 
245 1 0 |a Analýza bankového sektora so zameraním na vklady a úvery  |b diplomová práca  |c Erik Csatári ; školiteľ: Boris Šturc 
264 1 |a Bratislava  |c 2017 
300 |a 67 s. 
100 1 |a Csatári, Erik 
700 1 |a Šturc, Boris, 1961- 
710 2 |a Národohospodárska fakulta EU. Katedra bankovníctva a medzinárodných financií